000 00452nam a2200121Ia 4500
008 220620s9999||||xx |||||||||||||| ||und||
100 _aWoon, Yuen-fong
245 0 _aSocial Organization in South China, 1911–1949
_bThe Case of Kuan Lineage in K’ai-p’ing County
546 _aEnglish[eng]
650 _aSociology and anthropology
856 _uhttps://library.oapen.org/bitstream/20.500.12657/41836/1/9780472902231.pdf
942 _cEB
999 _c33756
_d33756